| 000 | 01205nas a2200421 4500 | ||
|---|---|---|---|
| 001 | BR0400391 | ||
| 003 | BR-BrBNA | ||
| 005 | 20231205104322.0 | ||
| 007 | ta | ||
| 008 | 230509b bl.|||p| |||| 00| 00por d | ||
| 040 |
_aBR-BrBNA _bpor _cBiblioteca Nacional de Agricultura |
||
| 041 | _a(Pt) | ||
| 072 | _aU10; E20 | ||
| 100 | 1 | _aMedeiros, C.M. | |
| 100 | 1 | _aBaêta, F. da C. | |
| 100 | 1 | _aOliveira, R.F.M. de | |
| 100 | 1 | _aTinôco, I. de F.F. | |
| 100 | 1 | _aAlbino, L.F.T. | |
| 100 | 1 | _aCecon, P.R. | |
| 245 | 1 | _aModelagem matemática das respostas de frangos de corte, em função da temperatura, umidade e velocidade do ar | |
| 650 | _aFRANGO DE CORTE | ||
| 650 | _aIDADE | ||
| 650 | _aTEMPERATURA | ||
| 650 | _aUMIDADE RELATIVA | ||
| 650 | _aVELOCIDADE | ||
| 650 | _aAR | ||
| 650 | _aGANHO DE PESO | ||
| 650 | _aRAÇÃO | ||
| 650 | _aMORTALIDADE | ||
| 650 | _aMODELO MATEMÁTICO | ||
| 650 | _aGALPÃO | ||
| 650 | _aAUTOMAÇÃO | ||
| 650 | _aCUSTO | ||
| 650 | _aCONTROLE TÉRMICO | ||
| 773 | 0 |
_tEngenharia na Agricultura (Brazil) _xISSN 1414-3984 _g(Oct-Dec 2001), v. 9(4) p. 251-267 _wBR0400391 |
|
| 909 |
_a202311 _bLúcia _c55 _dLúcia Elande |
||
| 942 |
_2AGRIS _n0 _cANA |
||
| 999 |
_c177529 _d177529 |
||